000 00589nam a22002177a 4500
003 UA-OsUOA
001 119833
007 ta
008 20161118b un ||||| |||| 00| 0 ukr d
100 _aСіробаба М.
090 _a82
_bС41
942 _cSA
040 _aUA-OsUOA
_bukr
_cUA-OsUOA
_dUA-OsUOA
245 _aЛірика М. Хвильового: злам автохтонної свідомості
300 _aС.44-52
955 _a0
041 _aukr
080 _a82
773 0 _w119832
650 7 _a82 Література. Літературознавство
_2UDC
999 _c406187
_d406187